[Event "Gibraltar Open"]
[Site "Caleta ENG"]
[Date "2012.01.31"]
[Round "8.81"]
[White "Eriksen, Magnus"]
[Black "Duport, Nicolas"]
[Result "1-0"]
[WhiteElo "2076"]
[BlackElo "2200"]
[WhiteFideId "1509764"]
[BlackFideId "1314424"]
[EventDate "2012.01.24"]

1. e4 e5 2. Nf3 Nc6 3. Bb5 Nf6 4. O-O Nxe4 5. d4 Nd6 6. Ba4 e4 7. Re1 Be7 8. Ne5
O-O 9. Nc3 f6 10. Nxc6 dxc6 11. Nxe4 Nxe4 12. Rxe4 f5 13. Bb3+ Kh8 14. Re1 Bd6
15. Qh5 f4 16. c4 Bf5 17. c5 Bg6 18. Qf3 Be7 19. Bxf4 Qxd4 20. Rxe7 Rxf4 21. Qe3
Qxb2 22. Re1 Rff8 23. h3 Rad8 24. Re2 Qa1+ 25. Kh2 Qf6 26. Rxc7 Bd3 27. Rd2 Ba6
28. Rxd8 Qxd8 29. Re7 h6 30. Bc2 Qd5 31. Qg3 Qd4 32. h4 Qf6 33. Rc7 Rg8 34. Bb3
Rf8 35. f3 g5 36. Bc2 Kg8 37. hxg5 hxg5 38. Bb3+ Kh8 39. Qh3+ 1-0

[Event "Gibraltar Open"]
[Site "Caleta ENG"]
[Date "2012.01.31"]
[Round "8.84"]
[White "De Graaf, Dick"]
[Black "Nilsson, Lars Kjoller"]
[Result "1-0"]
[WhiteElo "2183"]
[BlackElo "2036"]
[WhiteFideId "1005677"]
[BlackFideId "1402544"]
[EventDate "2012.01.24"]

1. e4 c5 2. Nf3 Nc6 3. d4 cxd4 4. Nxd4 e5 5. Nb5 a6 6. Nd6+ Bxd6 7. Qxd6 Qf6 8.
Qd1 Qg6 9. Nc3 Nge7 10. h4 d5 11. h5 Qg4 12. Be2 Qd7 13. exd5 Nd4 14. h6 Rg8 15.
Be3 Ndf5 16. Qd2 b5 17. O-O-O Nd6 18. Bc5 Bb7 19. hxg7 Rxg7 20. Bxd6 Qxd6 21.
Ne4 Qb6 22. Rh6 Ng6 23. Qg5 Kf8 24. Bg4 f6 25. Nxf6 Qxf2 26. Nxh7+ 1-0

[Event "Gibraltar Open"]
[Site "Caleta ENG"]
[Date "2012.01.31"]
[Round "8.85"]
[White "Lam, Daniel King-wai"]
[Black "Seps, Monika"]
[Result "0-1"]
[BlackTitle "WIM"]
[WhiteElo "2022"]
[BlackElo "2182"]
[WhiteFideId "6001238"]
[BlackFideId "1308521"]
[EventDate "2012.01.24"]

1. d4 Nf6 2. c4 c5 3. d5 e6 4. Nc3 exd5 5. cxd5 Bd6 6. g3 O-O 7. Bg2 Re8 8. Nf3
Bf8 9. O-O d6 10. Nd2 Na6 11. Nc4 Rb8 12. a4 Nb4 13. Re1 a6 14. a5 Bd7 15. Bf4
Bb5 16. b3 Bxc4 17. bxc4 Nd7 18. Ne4 Ne5 19. Bxe5 Rxe5 20. f4 Re8 21. Ng5 Be7
22. Nh3 Bf6 23. Ra3 Bb2 24. Rb3 Bf6 25. Ra3 Re7 26. Nf2 g6 27. h4 Qc7 28. h5 Bb2
29. Rb3 Bd4 30. hxg6 hxg6 31. e3 Rbe8 32. Be4 Bg7 33. Qf3 Qxa5 34. Rd1 Qa2 35.
Rxb4 cxb4 36. f5 gxf5 37. Qxf5 Qxc4 0-1

[Event "Gibraltar Open"]
[Site "Caleta ENG"]
[Date "2012.01.31"]
[Round "8.87"]
[White "Amos, Frank"]
[Black "Pasanen, Tuomo"]
[Result "1-0"]
[WhiteElo "2171"]
[BlackElo "2008"]
[WhiteFideId "4635442"]
[BlackFideId "508063"]
[EventDate "2012.01.24"]

1. e4 c6 2. d4 d5 3. f3 dxe4 4. fxe4 e5 5. Nf3 Bg4 6. c3 Nd7 7. Bd3 Bd6 8. O-O
Qc7 9. h3 Bh5 10. Nbd2 Ngf6 11. Nc4 O-O-O 12. Qa4 Nc5 13. Qxa7 Nxd3 14. Nb6+
Qxb6 15. Qxb6 Nxe4 16. Be3 Ng3 17. dxe5 Ne2+ 18. Kh1 Ng3+ 19. Kh2 Nxf1+ 20. Rxf1
Bc7 21. Qb3 Bxf3 22. gxf3 Nxe5 23. f4 Ng6 24. Qxf7 Rhe8 25. Bc1 Re2+ 26. Kh1 Kb8
27. Qxg7 Rd3 28. Qxh7 Bxf4 29. Qh5 Rh2+ 30. Kg1 Rdxh3 31. Bxf4+ Nxf4 32. Qe5+
Ka7 33. Qxf4 Rxb2 34. Qd4+ Ka6 35. Rf2 Rb1+ 36. Kg2 Rh5 37. Qd3+ 1-0

[Event "Gibraltar Open"]
[Site "Caleta ENG"]
[Date "2012.01.31"]
[Round "8.89"]
[White "Obiamiwe, Paul"]
[Black "Daoudi, Kamal"]
[Result "0-1"]
[WhiteElo "1982"]
[BlackElo "2165"]
[WhiteFideId "8500215"]
[BlackFideId "9001069"]
[EventDate "2012.01.24"]

1. e4 c5 2. Nf3 Nc6 3. d4 cxd4 4. Nxd4 e5 5. Nb5 d6 6. N1c3 a6 7. Na3 b5 8. Nd5
Nge7 9. c3 Nxd5 10. Qxd5 Bb7 11. Qd1 Be7 12. Nc2 O-O 13. Ne3 g6 14. Be2 f5 15.
Bf3 f4 16. Nd5 Bf6 17. O-O Ne7 18. Nxf6+ Rxf6 19. b3 Rc8 20. Bb2 g5 21. Qd3 Qe8
22. Qe2 Qg6 23. Rfe1 Rcf8 24. h3 Bc8 25. Red1 Qh6 26. Kf1 Ng6 27. Ke1 Nh4 28.
Ba3 Nxg2+ 29. Kd2 Nh4 30. Rh1 Bb7 31. Rhg1 Kh8 32. Rad1 Qg6 33. Rde1 Rd8 34. Kc1
Rc8 35. Kb2 Nxf3 36. Qxf3 Rg8 37. Qe2 Bc8 38. Qf3 Qf7 39. Rd1 Qe7 40. Qd3 Rgg6
41. Rd2 Rh6 42. Rxg5 Rxh3 43. Qd5 Re6 44. Rg1 Rhh6 45. Rgd1 Bb7 46. Qd3 Bc6 47.
f3 a5 48. Kb1 Qb7 49. Qe2 b4 50. cxb4 axb4 51. Bb2 Kg8 52. Qc4 Bb5 53. Rg2+ Kf8
54. Qc2 Reg6 55. Qd2 Qb6 56. Rxg6 Rxg6 57. Rc1 Rg1 58. Rxg1 Qxg1+ 59. Bc1 Qc5
60. a4 Ba6 61. Bb2 h5 62. Ka2 Ke7 63. Qh2 Bd3 64. Qxh5 Qg1 65. Qh7+ Kd8 66. Bc1
Qxc1 67. Qg8+ Kc7 68. Qf7+ Kb6 69. Qg7 0-1

[Event "Gibraltar Open"]
[Site "Caleta ENG"]
[Date "2012.01.31"]
[Round "8.90"]
[White "Bihi, Mehdi"]
[Black "Vinas Guerrero, Carlos A."]
[Result "0-1"]
[WhiteElo "1919"]
[BlackElo "2160"]
[WhiteFideId "637076"]
[BlackFideId "2216868"]
[EventDate "2012.01.24"]

1. e4 e5 2. Nf3 Nc6 3. Bb5 Nge7 4. O-O g6 5. d4 exd4 6. Nxd4 Bg7 7. Be3 O-O 8.
Nc3 a6 9. Be2 d6 10. Qd2 Nxd4 11. Bxd4 Be6 12. Bxg7 Kxg7 13. Rad1 f6 14. Qe3 Qb8
15. Rfe1 Qa7 16. Qxa7 Rxa7 17. Nd5 Nxd5 18. exd5 Bf7 19. Bf3 Raa8 20. Re2 Rfe8
21. Rde1 Rxe2 22. Rxe2 Re8 23. Kf1 f5 24. Rxe8 Bxe8 25. Ke2 Kf6 26. Ke3 Ke5 27.
h4 f4+ 28. Kd3 b5 29. b3 Bf7 30. c4 b4 31. Be4 h6 32. g3 fxg3 33. fxg3 g5 34.
hxg5 hxg5 35. Ke3 Bh5 36. Bh7 Bg4 37. Bg6 Bd1 38. Bh7 Bh5 39. Bc2 Be8 40. g4 Bd7
41. Bd1 c6 42. dxc6 Bxc6 43. Bc2 a5 44. Bd1 Be4 45. Be2 Bb1 46. Kd2 Kf4 47. Bd1
Be4 48. Be2 Bf3 49. Bf1 Bxg4 50. Kd3 Ke5 51. c5 dxc5 52. Kc4 Kd6 53. Kb5 Bd7+
54. Kxa5 g4 0-1

[Event "Gibraltar Open"]
[Site "Caleta ENG"]
[Date "2012.01.31"]
[Round "8.93"]
[White "Daurelle, Herve"]
[Black "Becker, Carsten"]
[Result "1/2-1/2"]
[WhiteElo "2148"]
[BlackElo "2001"]
[WhiteFideId "602655"]
[BlackFideId "24646822"]
[EventDate "2012.01.24"]

1. e4 e6 2. d4 d5 3. Nc3 dxe4 4. Nxe4 Bd7 5. Nf3 Bc6 6. Bd3 Bxe4 7. Bxe4 c6 8.
O-O Nf6 9. Bd3 Be7 10. Bf4 O-O 11. c4 c5 12. dxc5 Na6 13. Qe2 Nxc5 14. Bc2 Qb6
15. Rab1 a5 16. b3 Na6 17. Rbd1 Rac8 18. Nd4 Nb4 19. Bb1 Rfd8 20. Nb5 Na6 21. h3
Kf8 22. Be5 Rxd1 23. Rxd1 Rd8 24. Bd4 Bc5 25. Bxc5+ Nxc5 26. Rxd8+ Qxd8 27. Bc2
h6 28. a3 Na6 29. Qe3 b6 30. g3 Ng8 31. Kh2 Ne7 32. h4 Nc6 33. Kg2 Nc5 34. Be4
Ne5 35. Bf3 Ned3 36. Nd4 Ne1+ 37. Qxe1 Qxd4 38. Qd1 Nd3 39. Qd2 e5 40. Qe3 Ke7
41. Be4 Qxe3 42. fxe3 Nb2 43. Kf3 Kd6 44. Bd5 f5 45. Bg8 e4+ 46. Kf4 g6 47. g4
Nd3+ 48. Kg3 fxg4 49. Kxg4 Ke5 50. Bh7 Nf2+ 51. Kg3 Nd1 52. Bxg6 Nxe3 53. Kf2
Kf4 54. Ke2 Nc2 55. Kd2 Nxa3 56. Kc3 b5 57. c5 b4+ 58. Kd4 Nb5+ 59. Kd5 Nc3+ 60.
Kc4 Ke5 61. c6 Kd6 62. Be8 e3 63. Kd3 e2 64. Kd2 Na2 65. Kxe2 Nc1+ 66. Kf3 Nxb3
67. Kg4 Nd4 68. Kh5 Nf3 69. Kxh6 Nxh4 70. Kg5 b3 71. Kxh4 b2 72. Bg6 Kxc6 73.
Kg4 Kc5 74. Kf4 Kc4 75. Ke3 Kb3 76. Kd2 Ka2 77. Kc3 Ka3 78. Bb1 a4 79. Kc4 1/2-1/2

[Event "Gibraltar Open"]
[Site "Caleta ENG"]
[Date "2012.01.31"]
[Round "8.95"]
[White "Ranaivoharisoa, Alain"]
[Black "Auvinen, Esa"]
[Result "1-0"]
[WhiteElo "2135"]
[BlackElo "1926"]
[WhiteFideId "13100025"]
[BlackFideId "501069"]
[EventDate "2012.01.24"]

1. e4 e5 2. Nf3 Nc6 3. Bb5 f5 4. d3 fxe4 5. dxe4 Nf6 6. O-O Bc5 7. Bg5 d6 8. Nc3
Be6 9. Nd5 O-O 10. Nxf6+ gxf6 11. Bh6 Rf7 12. c3 Kh8 13. Qe2 Ne7 14. Rfd1 Ng6
15. Bc4 Bxc4 16. Qxc4 Qg8 17. b4 Bb6 18. Qd5 Rb8 19. a4 a6 20. Rab1 Re7 21. c4
Qxd5 22. Rxd5 Kg8 23. c5 dxc5 24. bxc5 Ba7 25. c6 bxc6 26. Rxb8+ Bxb8 27. Rd8+
Kf7 28. Rxb8 Rd7 29. g3 Rd1+ 30. Kg2 Ra1 31. Rb4 Ke6 32. Rc4 Kd6 33. Bg7 Ke7 34.
Rxc6 Rxa4 35. Rxc7+ Kd6 36. Ra7 Kc6 37. Bxf6 Kb6 38. Rxh7 Rxe4 39. h4 a5 40. h5
Nf8 41. Rf7 1-0

[Event "Gibraltar Open"]
[Site "Caleta ENG"]
[Date "2012.01.31"]
[Round "8.97"]
[White "Groffen, Hans"]
[Black "Salomon, Johan"]
[Result "1-0"]
[WhiteElo "2204"]
[BlackElo "2002"]
[WhiteFideId "1004140"]
[BlackFideId "1509500"]
[EventDate "2012.01.24"]

1. d4 Nf6 2. c4 g6 3. Nc3 d5 4. cxd5 Nxd5 5. e4 Nxc3 6. bxc3 c5 7. Be3 Bg7 8.
Nf3 Nc6 9. Qd2 O-O 10. d5 Qa5 11. Rc1 Ne5 12. Nxe5 Bxe5 13. h4 h5 14. Be2 Bg7
15. Bh6 Kh7 16. Bxg7 Kxg7 17. Rd1 Bd7 18. Bxh5 e6 19. d6 e5 20. Be2 Be6 21. h5
Rh8 22. Qe3 Rad8 23. O-O Rd7 24. Rd2 Rhd8 25. f4 exf4 26. Qxf4 Qxc3 27. e5 Kh7
28. Bb5 Bc4 29. hxg6+ fxg6 30. Bxc4 1-0

[Event "Gibraltar Open"]
[Site "Caleta ENG"]
[Date "2012.01.31"]
[Round "8.99"]
[White "Navarrete Espi, Samuel"]
[Black "Marano, Salvatore"]
[Result "1-0"]
[WhiteElo "2120"]
[BlackElo "1967"]
[WhiteFideId "2237725"]
[BlackFideId "814962"]
[EventDate "2012.01.24"]

1. e4 c5 2. Nf3 h6 3. d4 cxd4 4. Nxd4 Nf6 5. Nc3 e5 6. Ndb5 d6 7. a4 Nc6 8. Be3
a6 9. Na3 Be6 10. Bc4 Be7 11. O-O O-O 12. Bd5 Rb8 13. Na2 Qe8 14. c4 Bd8 15. b4
Ng4 16. b5 Nd4 17. Bxd4 exd4 18. h3 Bxd5 19. exd5 Ne5 20. Qxd4 Bf6 21. Qe4 Qd8
22. bxa6 bxa6 23. Rab1 Qa5 24. Qc2 Qc5 25. Rb3 Rxb3 26. Qxb3 Nd7 27. Nc2 Rb8 28.
Qd3 Qa5 29. Nd4 Qxa4 30. Nc3 Qa3 31. Qd2 Rb2 32. Qe3 Be5 33. Kh1 Rb8 34. f4 Bf6
35. Rd1 Qc5 36. Ne4 Qxc4 37. Nf5 Qc2 38. Rc1 Rb1 39. Rxb1 Qxb1+ 40. Kh2 Qa2 41.
Qg3 Qb2 42. Nxh6+ Kf8 43. Qg4 Nb6 44. Nf5 Nxd5 45. Nfxd6 Nb6 46. Qh5 g6 47. Qh6+
Kg8 48. Ne8 Nd5 49. N4xf6+ 1-0

[Event "Gibraltar Open"]
[Site "Caleta ENG"]
[Date "2012.01.31"]
[Round "8.101"]
[White "Dasaolu, Adeoye"]
[Black "Lochte, Szilvia"]
[Result "1-0"]
[WhiteElo "2103"]
[BlackElo "1956"]
[WhiteFideId "416061"]
[BlackFideId "708410"]
[EventDate "2012.01.24"]

1. d4 Nf6 2. Nf3 e6 3. Bg5 h6 4. Bh4 c5 5. c3 b6 6. Nbd2 Bb7 7. e3 Be7 8. Bd3 d6
9. O-O Nbd7 10. Qe2 O-O 11. h3 Rc8 12. Bg3 d5 13. Ne5 Nxe5 14. Bxe5 Bd6 15. f4
Qe7 16. Rae1 Nd7 17. e4 cxd4 18. Bxd6 Qxd6 19. e5 Qc5 20. Nb3 Qe7 21. Nxd4 Nc5
22. f5 exf5 23. Nxf5 Qg5 24. h4 Qd8 25. Nxh6+ gxh6 26. Qg4+ Kh8 27. Rf6 Rc6 28.
Qf4 Nxd3 29. Qxh6+ Kg8 30. Rxc6 Bxc6 31. Re3 Nxe5 32. Rxe5 f5 33. Qxc6 Qxh4 34.
Qxd5+ Kg7 35. Re6 Rd8 36. Qe5+ Kg8 37. Rg6+ Kh7 38. Qg7# 1-0

[Event "Gibraltar Open"]
[Site "Caleta ENG"]
[Date "2012.01.31"]
[Round "8.103"]
[White "Magar, Johannes"]
[Black "Zachariassen, John"]
[Result "1-0"]
[WhiteElo "2088"]
[BlackElo "1949"]
[WhiteFideId "4648943"]
[BlackFideId "1405535"]
[EventDate "2012.01.24"]

1. e4 d6 2. d4 Nd7 3. Nc3 e5 4. Nf3 Ngf6 5. h3 Be7 6. Be3 c6 7. Qd2 Qc7 8. a4 a5
9. Bc4 O-O 10. Bb3 Rb8 11. O-O Nb6 12. dxe5 dxe5 13. Bxb6 Qxb6 14. Nxe5 Bb4 15.
Rfe1 Be6 16. Bxe6 fxe6 17. Nd3 Qd4 18. Qe3 Bxc3 19. bxc3 Qxc3 20. Nc5 Qxe3 21.
Rxe3 Rfe8 22. Rb3 Re7 23. Rab1 b5 24. axb5 cxb5 25. Rxb5 Rxb5 26. Rxb5 Ra7 27.
e5 Nd5 28. Nxe6 Nb4 29. Rb8+ Kf7 30. Nd8+ Kg6 31. c3 Nd3 32. e6 Kf6 33. Nc6 1-0

[Event "Gibraltar Open"]
[Site "Caleta ENG"]
[Date "2012.01.31"]
[Round "8.104"]
[White "Boesch, Heinz"]
[Black "Attwood, James"]
[Result "0-1"]
[WhiteElo "1904"]
[BlackElo "2072"]
[WhiteFideId "4673824"]
[BlackFideId "3206688"]
[EventDate "2012.01.24"]

1. c4 f5 2. g3 Nf6 3. Bg2 g6 4. Nc3 Bg7 5. d3 d6 6. e3 O-O 7. Nge2 e5 8. O-O Nc6
9. Rb1 Ne7 10. b4 d5 11. cxd5 Nfxd5 12. Qc2 c6 13. a4 Be6 14. Nxd5 Bxd5 15. e4
Be6 16. Be3 Qc7 17. f4 Rfd8 18. Rfd1 Rd7 19. Rbc1 Rad8 20. b5 Qa5 21. fxe5 Bxe5
22. d4 Bg7 23. Nf4 Bf7 24. e5 Bd5 25. bxc6 Bxc6 26. Bxc6 bxc6 27. Ne6 Rc8 28.
Nc5 Rd5 29. Rb1 Rxc5 30. Qxc5 Qxc5 31. dxc5 Bxe5 32. Rd7 Nd5 33. Bh6 Bd4+ 34.
Kg2 Bf6 35. Rbb7 g5 36. Rxa7 Re8 37. a5 Ne3+ 38. Kf2 Ng4+ 39. Kg2 Nxh6 40. Rxh7
Ng4 41. Rhc7 Bd4 42. Rxc6 Re2+ 43. Kf1 Rf2+ 44. Ke1 Bc3+ 45. Kd1 Ne3+ 0-1

[Event "Gibraltar Open"]
[Site "Caleta ENG"]
[Date "2012.01.31"]
[Round "8.105"]
[White "Peltomaki, Jarmo"]
[Black "Patola, Eero"]
[Result "1/2-1/2"]
[WhiteElo "2051"]
[BlackElo "1939"]
[WhiteFideId "507148"]
[BlackFideId "504092"]
[EventDate "2012.01.24"]

1. d4 f5 2. Nf3 Nf6 3. Bf4 g6 4. h3 Bg7 5. e3 O-O 6. Bc4+ e6 7. Nc3 d6 8. g4 Kh8
9. gxf5 exf5 10. Rg1 Qe8 11. Qe2 Nh5 12. Bh2 a6 13. Nd5 Qd8 14. Nf4 Nxf4 15.
Bxf4 b5 16. Bb3 c5 17. Bd5 Ra7 18. O-O-O c4 19. Ng5 Bf6 20. c3 Re7 21. h4 h5 22.
Bf3 Qd7 23. Nh3 Rg8 24. Bg5 Bxg5 25. Rxg5 Rh7 26. Nf4 Qe8 27. Bd5 Rgg7 28. Rdg1
Rh6 29. Bf3 Be6 30. Bxh5 Bf7 31. Bf3 Rxh4 32. Rh1 Rgh7 1/2-1/2

[Event "Gibraltar Open"]
[Site "Caleta ENG"]
[Date "2012.01.31"]
[Round "8.106"]
[White "Van Diermen, Arie"]
[Black "Thornton, John D"]
[Result "1-0"]
[WhiteElo "1904"]
[BlackElo "2050"]
[WhiteFideId "1009710"]
[BlackFideId "1800663"]
[EventDate "2012.01.24"]

1. e4 e6 2. d4 c5 3. d5 d6 4. c4 Nf6 5. Bd3 g6 6. Nc3 Bg7 7. Nge2 O-O 8. O-O
exd5 9. exd5 Na6 10. Bg5 h6 11. Bh4 g5 12. Bg3 Nh5 13. f4 gxf4 14. Bxf4 Nxf4 15.
Nxf4 Qg5 16. Ne4 Qe5 17. Qf3 Bf5 18. Rae1 Bg6 19. Qg3 Bxe4 20. Rxe4 Qg5 21. Qf3
Rae8 22. Nh3 Qd8 23. Rxe8 Qxe8 24. Qf5 Qe3+ 25. Kh1 1-0

[Event "Gibraltar Open"]
[Site "Caleta ENG"]
[Date "2012.01.31"]
[Round "8.107"]
[White "Henrichsen, Jens"]
[Black "Isherwood, Paul"]
[Result "1-0"]
[WhiteElo "1901"]
[BlackElo "2042"]
[WhiteFideId "1401858"]
[BlackFideId "410314"]
[EventDate "2012.01.24"]

1. Nf3 d6 2. d4 Nf6 3. c4 Nbd7 4. Nc3 e5 5. e4 c6 6. Be2 a6 7. O-O b5 8. a3 Bb7
9. d5 cxd5 10. cxd5 Be7 11. Re1 O-O 12. Nd2 Rc8 13. Nf1 Rxc3 14. bxc3 Nxe4 15.
Bd3 Nxc3 16. Bxh7+ Kh8 17. Qd3 Nf6 18. Bf5 Ncxd5 19. Qh3+ Kg8 20. Re4 Nf4 21.
Rxf4 exf4 22. Bxf4 g6 23. Ne3 Bc8 24. Rc1 Bxf5 25. Nxf5 Nh5 26. Bh6 Bg5 27. Bxf8
Bxc1 28. Be7 Qa5 29. Ne3 Qe1+ 30. Nf1 Qxe7 31. Qc8+ Kg7 32. Qxc1 Qe5 33. h3 Nf4
34. Qd2 d5 35. Ne3 d4 36. Ng4 Qe4 37. f3 Qf5 38. Qxd4+ Kh7 39. Nf6+ Kh6 40. Ng4+
Kg5 41. h4+ Kxh4 42. g3+ Kh3 43. gxf4 Qb1+ 44. Kf2 Qa2+ 45. Ke1 Kg3 46. Ne5 a5
47. Qg1+ Qg2 48. Qxg2+ Kxg2 49. Ke2 Kg3 50. Ke3 b4 51. a4 f6 52. Nxg6 b3 53. Kd3
Kxf3 54. f5 b2 55. Kc2 b1=Q+ 56. Kxb1 Ke4 57. Ne7 Ke5 58. Kc2 Kd6 59. Ng8 Ke5
60. Nh6 Kf4 61. Kd3 Kg5 62. Ng8 Kxf5 63. Ne7+ Ke5 64. Nc6+ Kd5 65. Nxa5 Kc5 66.
Nb3+ Kb4 67. a5 Kb5 68. Ke4 Ka6 69. Kf5 Kb5 70. Kxf6 Ka6 71. Ke5 Kb5 72. Kd5 Ka6
73. Kc5 Kb7 74. Kb5 Ka7 75. Nc5 Ka8 76. Kb6 Kb8 77. Ne6 Ka8 78. a6 1-0

[Event "Gibraltar Open"]
[Site "Caleta ENG"]
[Date "2012.01.31"]
[Round "8.108"]
[White "Suez-Panama, Gilles"]
[Black "Knudsen, Jes West"]
[Result "0-1"]
[WhiteElo "2034"]
[BlackElo "1892"]
[WhiteFideId "620165"]
[BlackFideId "1405985"]
[EventDate "2012.01.24"]

1. d4 f5 2. Nf3 Nf6 3. g3 g6 4. c3 Bg7 5. Qb3 d5 6. Bg2 c6 7. O-O Qb6 8. Bf4
Nbd7 9. Qc2 Nh5 10. Nbd2 Nxf4 11. gxf4 Nf6 12. Ne5 Be6 13. a4 O-O 14. a5 Qd8 15.
a6 Qc7 16. axb7 Qxb7 17. Ra5 Nh5 18. Nd3 Qc7 19. Rfa1 Nxf4 20. Nxf4 Qxf4 21.
Rxa7 Rxa7 22. Rxa7 Bf6 23. e3 Qb8 24. Ra6 Bd7 25. b4 e6 26. Nb3 Be7 27. Qa2 f4
28. Ra7 fxe3 29. fxe3 Rd8 30. Nc5 Bxc5 31. bxc5 e5 32. Bxd5+ cxd5 33. Qxd5+ Kf8
34. Rxd7 Qb1+ 35. Kf2 Qf5+ 36. Qf3 Qxf3+ 37. Kxf3 Rxd7 38. c6 Rd6 39. Ke4 Rxc6 0-1

[Event "Gibraltar Open"]
[Site "Caleta ENG"]
[Date "2012.01.31"]
[Round "8.110"]
[White "Kuenitz, Klaus"]
[Black "Campos Calvo-Sotelo, Juan"]
[Result "0-1"]
[WhiteElo "1686"]
[BlackElo "2028"]
[WhiteFideId "4640713"]
[BlackFideId "2251540"]
[EventDate "2012.01.24"]

1. d4 b5 2. Nf3 e6 3. g3 Bb7 4. Bg2 c5 5. O-O cxd4 6. Nxd4 Bxg2 7. Kxg2 Qb6 8.
Qd3 a6 9. a4 b4 10. Qf3 d5 11. Nb3 Nf6 12. Be3 Qc7 13. c4 bxc3 14. Nxc3 Bb4 15.
Rac1 Qe7 16. Bg5 Nbd7 17. Na2 h6 18. Be3 Bd6 19. Bd2 O-O 20. Nd4 Ne5 21. Nc6 Qd7
22. Nxe5 Bxe5 23. Nc3 d4 24. Ne4 Qxa4 25. Nxf6+ Bxf6 26. Bxh6 Qb5 27. Rb1 Rad8
28. Rfd1 Rd5 29. Bc1 Rc8 30. Qd3 Qc6 31. Ra1 Ra5+ 0-1

[Event "Gibraltar Open"]
[Site "Caleta ENG"]
[Date "2012.01.31"]
[Round "8.113"]
[White "Dimitrijevic, Dragan"]
[Black "Gallach Perez, Yago"]
[Result "1-0"]
[WhiteElo "1937"]
[BlackElo "1843"]
[WhiteFideId "822310"]
[BlackFideId "2237598"]
[EventDate "2012.01.24"]

1. e4 e5 2. Nf3 Nc6 3. Bb5 Bc5 4. O-O Qf6 5. Nc3 Nge7 6. d3 h6 7. Nd5 Nxd5 8.
exd5 Ne7 9. Qe2 O-O 10. Nxe5 d6 11. Nd7 Bxd7 12. Bxd7 Nxd5 13. c3 Rad8 14. Bg4
Rfe8 15. Qf3 c6 16. d4 Bb6 17. Qg3 Qg6 18. Bd2 Nf6 19. Bf3 Qxg3 20. hxg3 d5 21.
Rfe1 Bc7 22. Kf1 Ne4 23. Bxe4 Rxe4 24. Rxe4 dxe4 25. g4 c5 26. Be3 cxd4 27. Bxd4
Bb6 28. Bxb6 axb6 29. Ke2 g6 30. Ke3 f5 31. gxf5 gxf5 32. Re1 Kf7 33. Re2 Kf6
34. Kf4 Rd1 35. f3 Rf1 36. Rd2 Ke6 37. c4 Re1 38. Rd5 Re2 39. Rb5 Rxg2 40. Rxb6+
Kd7 41. fxe4 fxe4 42. Rxb7+ Kc6 43. Rb5 Re2 44. a4 e3 45. b3 Re1 46. Kf3 Kc7 47.
Re5 1-0

[Event "Gibraltar Open"]
[Site "Caleta ENG"]
[Date "2012.01.31"]
[Round "8.114"]
[White "Jablon, Stephen"]
[Black "Conflitti, Alessandro"]
[Result "0-1"]
[WhiteElo "1931"]
[BlackElo "1792"]
[WhiteFideId "2019833"]
[BlackFideId "843563"]
[EventDate "2012.01.24"]

1. d4 Nf6 2. Nc3 g6 3. e4 d6 4. f3 Bg7 5. Bg5 O-O 6. Qd2 c6 7. Bc4 b5 8. Bxf6
Bxf6 9. Nxb5 cxb5 10. Bd5 Qb6 11. Bxa8 Bxd4 12. Ne2 Bf2+ 13. Kf1 Be3 14. Qd3 a5
15. Nc3 e6 16. a3 Nd7 17. b4 a4 18. Rd1 d5 19. exd5 Ne5 20. Qe4 Nc4 21. Ke2 f5
22. Qh4 Bd2 23. Nb1 Qe3+ 24. Kf1 Bxb4 25. axb4 a3 26. Qe1 a2 27. Nc3 Nd2+ 28.
Qxd2 Qxd2 29. Rxd2 a1=Q+ 30. Kf2 Qxh1 31. d6 Bd7 32. Kg3 Qa1 33. Nd5 exd5 34.
Bxd5+ Kg7 35. Re2 Re8 0-1

[Event "Gibraltar Open"]
[Site "Caleta ENG"]
[Date "2012.01.31"]
[Round "8.116"]
[White "Forsa, Elise"]
[Black "Lundback, Karl"]
[Result "1-0"]
[WhiteElo "1770"]
[BlackElo "1907"]
[WhiteFideId "1500163"]
[BlackFideId "1716026"]
[EventDate "2012.01.24"]

1. e4 e5 2. Nf3 Nf6 3. Nxe5 Nxe4 4. d4 d6 5. Nf3 d5 6. h3 Bd6 7. Bd3 O-O 8. Be3
Re8 9. O-O c6 10. c4 Qc7 11. Qc2 f5 12. Nc3 Be6 13. cxd5 Bxd5 14. Bxe4 fxe4 15.
Ng5 Qe7 16. f3 h6 17. Ngxe4 Bb4 18. Nxd5 cxd5 19. Qb3 Qe6 20. Qxb4 dxe4 21. fxe4
Qxe4 22. Rae1 Nc6 23. Qxb7 Qd5 24. Qb3 Qxb3 25. axb3 Na5 26. b4 Nc4 27. Bf2 Reb8
28. Re2 Rxb4 29. Rb1 Rab8 30. d5 a5 31. Be1 Rxb2 32. Rexb2 Rxb2 33. Rxb2 Nxb2
34. Bxa5 Nc4 35. Bb4 Kf7 36. Kf2 Kf6 37. Bc3+ Kf7 38. Kf3 g6 39. Ke4 Nd6+ 40.
Ke5 Nc4+ 41. Kd4 Nd6 42. Bb4 Ne8 43. Bd2 Nd6 44. Bf4 Nf5+ 45. Ke5 Ke7 46. g4 Nd6
47. Kd4 Nf7 48. Kc5 Kd7 49. d6 g5 50. Bg3 Nd8 51. Kd5 Nf7 52. Bh2 1-0

[Event "Gibraltar Open"]
[Site "Caleta ENG"]
[Date "2012.01.31"]
[Round "8.118"]
[White "Candano Gonzalez, Alvaro"]
[Black "Zaky, Tamir"]
[Result "1-0"]
[WhiteElo "1647"]
[BlackElo "1882"]
[WhiteFideId "22232796"]
[BlackFideId "651451"]
[EventDate "2012.01.24"]

1. e4 e5 2. Nf3 Nc6 3. d4 exd4 4. Bc4 Qe7 5. O-O d6 6. Nxd4 Nxd4 7. Qxd4 Be6 8.
Nd2 Nf6 9. Nf3 Bxc4 10. Qxc4 Nd7 11. Qxc7 Nc5 12. Qa5 Qd7 13. Bf4 b6 14. Qc3 Ne6
15. Bg3 Rc8 16. Qd2 Be7 17. Rad1 O-O 18. c3 Qa4 19. a3 Qxe4 20. Rfe1 Qa4 21. Nd4
Bg5 22. f4 Nxd4 23. fxg5 Nf5 24. Qf2 Nxg3 25. Qxg3 Qc2 26. Qf2 Qg6 27. Re7 Rc5
28. Rxa7 Rxg5 29. Rd7 d5 30. Qd2 h5 31. Rxd5 Rxd5 32. Qxd5 Re8 33. Qd3 Re4 34.
Rf1 h4 35. Qf3 Rg4 36. Rd1 b5 37. Kh1 Qg5 38. Qd5 Qg6 39. Qd8+ Kh7 40. Qd3 f5
41. Rd2 Qg5 42. Rf2 Re4 43. h3 g6 44. Qxb5 Qc1+ 45. Rf1 Re1 46. Rxe1 Qxe1+ 47.
Kh2 Qg3+ 48. Kg1 Qe3+ 49. Kf1 Qc1+ 50. Kf2 Qf4+ 51. Ke2 Qe4+ 52. Kd1 Qxg2 53.
Qd7+ Kh6 54. Qd2+ Qxd2+ 55. Kxd2 g5 56. Ke2 g4 57. Kf2 gxh3 58. c4 h2 59. Kg2 f4
60. Kxh2 f3 61. c5 Kg5 62. c6 h3 63. Kxh3 1-0

[Event "Gibraltar Open"]
[Site "Caleta ENG"]
[Date "2012.01.31"]
[Round "8.121"]
[White "Rough, Robert E"]
[Black "Puroila, Sippo"]
[Result "1/2-1/2"]
[WhiteElo "1762"]
[BlackElo "1906"]
[WhiteFideId "2403030"]
[BlackFideId "504572"]
[EventDate "2012.01.24"]

1. c4 e6 2. g3 d5 3. cxd5 exd5 4. Bg2 Nf6 5. Nf3 Be7 6. O-O O-O 7. d4 c6 8. Nc3
Nbd7 9. Bg5 h6 10. Bd2 Re8 11. Qc2 Bd6 12. Rfe1 Nf8 13. a3 Ng6 14. b4 Ne4 15.
Be3 Bf5 16. Nxe4 Bxe4 17. Qc1 Qf6 18. Nd2 Bf5 19. Nf1 Qe6 20. f3 Bh3 21. Bf2
Bxg2 22. Kxg2 f5 23. e3 a5 24. Qc3 Ra7 25. bxa5 Rea8 26. Qb3 Rxa5 27. Qxb7 Bxa3
28. Reb1 R5a7 29. Qb3 Kh7 30. Ra2 c5 31. dxc5 Bxc5 32. Rxa7 Rxa7 33. Rd1 Ne7 34.
Rd3 g5 35. Qd1 h5 36. h3 Kg6 37. Qc2 Bd6 38. Rc3 Be5 39. Rb3 Bf6 40. g4 hxg4 41.
hxg4 Kf7 42. Ng3 fxg4 43. Qh7+ Bg7 44. Qh5+ Ng6 45. Qxg4 Nh4+ 46. Kh3 Nxf3 47.
Qxe6+ Kxe6 48. Rb6+ Ke5 49. Kg4 Rf7 50. Nh5 Bf8 51. Bg3+ Ke4 52. Nf6+ Kxe3 53.
Rb3+ Ke2 54. Rxf3 Bg7 55. Rf2+ Kd3 56. Nxd5 1/2-1/2